|
|
|
|
| LEADER |
02086nam a2200553 i 4500 |
| 001 |
nkc20203263382 |
| 003 |
CZ PrNK |
| 005 |
20220927121957.0 |
| 007 |
ta |
| 008 |
201110s2020 xr a e f 000 0 cze |
| 015 |
|
|
|a cnb003263382
|
| 020 |
|
|
|a 978-80-271-1284-5
|q (brožováno) :
|c Kč 169,00
|
| 035 |
|
|
|a (OCoLC)1230106711
|
| 040 |
|
|
|a BOA001
|b cze
|e rda
|
| 072 |
|
7 |
|a 796
|x Sport. Hry. Tělesná cvičení
|2 Konspekt
|9 20
|
| 080 |
|
|
|a 796.41
|2 MRF
|
| 080 |
|
|
|a 796.012.6
|2 MRF
|
| 080 |
|
|
|a 796.012.6:37.016
|2 MRF
|
| 080 |
|
|
|a 316.346.32-053.5
|2 MRF
|
| 080 |
|
|
|a (072)
|2 MRF
|
| 100 |
1 |
|
|a Vrchovecká, Pavlína
|7 jo2015857020
|4 aut
|
| 245 |
1 |
0 |
|a Základy gymnastické přípravy dětí :
|b herní pojetí gymnastiky /
|c Pavlína Vrchovecká
|
| 250 |
|
|
|a První vydání
|
| 264 |
|
1 |
|a Praha :
|b Grada Publishing,
|c 2020
|
| 300 |
|
|
|a 96 stran :
|b ilustrace ;
|c 21 cm
|
| 336 |
|
|
|a text
|b txt
|2 rdacontent
|
| 336 |
|
|
|a statický obraz
|b sti
|2 rdacontent
|
| 337 |
|
|
|a bez média
|b n
|2 rdamedia
|
| 338 |
|
|
|a svazek
|b nc
|2 rdacarrier
|
| 504 |
|
|
|a Obsahuje bibliografii
|
| 650 |
0 |
7 |
|a gymnastika
|7 ph120626
|2 czenas
|
| 650 |
0 |
7 |
|a tělesná cvičení
|7 ph126832
|2 czenas
|
| 650 |
0 |
7 |
|a tělesná výchova
|7 ph116513
|2 czenas
|
| 650 |
0 |
7 |
|a pohybová aktivita
|7 ph124199
|2 czenas
|
| 650 |
0 |
7 |
|a děti školního věku
|7 ph119714
|2 czenas
|
| 650 |
0 |
9 |
|a gymnastics
|2 eczenas
|
| 650 |
0 |
9 |
|a exercises
|2 eczenas
|
| 650 |
0 |
9 |
|a physical education and training
|2 eczenas
|
| 650 |
0 |
9 |
|a movement activity
|2 eczenas
|
| 650 |
0 |
9 |
|a school children
|2 eczenas
|
| 655 |
|
7 |
|a metodické příručky
|7 fd132826
|2 czenas
|
| 655 |
|
9 |
|a methodological manuals
|2 eczenas
|
| 910 |
2 |
|
|a BOA001
|b 2-1455.685
|
| 990 |
|
|
|a BK
|
| 995 |
|
|
|a 01
|
| 991 |
|
|
|b 202012
|c NOV
|
| 996 |
6 |
|
|b 2610845913
|c 2-1455.685
|l MZK
|r Sklad / do 1 hodiny
|n 0
|p p.v.
|w 001834330
|u 000010
|a 1
|e BOA001
|j MZK50
|s P
|
| 996 |
7 |
|
|b 2610847537
|c 2-1455.685
|l Vol.výběr
|r VV 1p
|n 7
|p kup
|h 796.4 VRC
|w 001834330
|u 000020
|a 0
|e BOA001
|j MZK50
|s A
|
| 996 |
7 |
|
|b 2610915750
|c 2-1455.685
|l Vol.výběr
|r VV 1p
|n 2
|p kup
|h 796.4 VRC
|w 001834330
|u 000030
|a 0
|e BOA001
|j MZK50
|s A
|